Klíč k výběru fungicidů do sledu ošetření proti plísni bramborové

Bibliographic Details
Main Authors: Filkuka, Ivan (Author), Hrubý, R. (Author)
Format: Article
Language:Slovak
Czech
ISSN:0002-1830
Subjects:

MARC

LEADER 00000nab a2200000 a 4500
001 vtls000520956
003 SK-MaSNL
005 20260304084554.0
008 250425c1994 xo 0 slo
015 |a SNBRB19rr/mm-uuuuu 
035 |a CL0521094 
035 |a urn:nbn:sk:snk-abboiy 
035 |a (urnnbn)urn:nbn:sk:snk:ar-008jdn 
035 |a (uuid)1d2e4b67-b497-432a-8e29-ad7c8cc9142b 
040 |a SNKBUCL  |b slo  |c SNKBUCL  |e AACR2 
041 0 |a cze 
044 |a xo  |c SK 
080 |a 632.952:633.491:632.4  |2 1981 
080 |a 633.491  |2 1981 
080 |a 632.4  |2 1981 
080 |a 635.21  |2 1981 
100 1 |a Filkuka, Ivan  |4 aut  |9 1123846 
245 1 0 |a Klíč k výběru fungicidů do sledu ošetření proti plísni bramborové  |c Ivan Filkuka, R. Hrubý 
650 0 7 |a zemiaky  |2 snkbucl  |9 2709 
650 0 7 |a pleseň zemiaková  |2 snkbucl  |9 14582 
650 0 7 |a fungicídy  |2 snkbucl  |9 15201 
655 7 |a články z novín a časopisov  |2 snkbucl  |9 267496 
700 1 |a Hrubý, R.  |4 aut  |9 776906 
773 0 |t Agrochémia  |g Roč. 34, č. 6 (1994), s. 110-112  |x 0002-1830 
850 |a Slovenská národná knižnica 
852 |a Slovenská národná knižnica 
954 |a odborná, vedecká literatúra cudzojazyčná (svetová)  |2 lita 
954 |a odborná, vedecká literatúra pôvodná (slovenská)  |2 lita 
958 |a article15 
958 |a OND 
958 |a RK 
958 |a EUIPO 
992 |a RBX 
999 |c 2804039  |d 2805969